Statistiken für Werder Bremen: Alle Torschützen der 2020er Jahre

Klicken Sie hier um das Quiz zu spielen!

Allgemein

  • Dieses Quiz wurde 123 mal gespielt
  • Das Durchschnittsergebnis liegt bei 24 aus 32

Antwortstatistiken

PositionNationalitätSpielerTore% Korrekt
StürmerDeutschlandMarvin Ducksch39
100%
StürmerDeutschlandNiclas Füllkrug41
99%
AbwehrÖsterreichMarco Friedl4
94%
StürmerKosovoMilot Rashica4
93%
StürmerSchottlandOliver Burke2
91%
StürmerUSA
Josh Sargent
9
90%
AbwehrTürkeiÖmer Toprak3
90%
StürmerKolumbienRafel Borre4
90%
MittelfeldÖsterreichRomano Schmid5
88%
StürmerJapanYuya Osako4
88%
MittelfeldNiederlandeDavy Klaassen4
87%
MittelfeldBulgarienIlia Gruev1
84%
AbwehrSerbienMilos Veljkovic3
83%
MittelfeldDänemarkJens Stage5
82%
AbwehrDeutschlandMitchell Weiser5
82%
AbwehrDeutschlandNiklas Stark1
82%
AbwehrBelgienOlivier Deman1
81%
AbwehrTschechienTheodor Gebre Selassie4
81%
AbwehrDeutschlandAmos Pieper2
79%
MittelfeldDeutschlandLeonardo Bittencourt12
79%
MittelfeldDeutschlandMaximilian Eggestein4
79%
MittelfeldDeutschlandChristian Groß1
78%
StürmerDeutschlandJustin Njinmah3
78%
AbwehrEnglandLee Buchanan1
78%
MittelfeldDeutschlandNiklas Schmidt5
75%
AbwehrDeutschlandAnthony Jung4
73%
AbwehrDeutschlandFelix Agu1
66%
StürmerDeutschlandEren Dinkci1
61%
StürmerDeutschlandDavie Selke3
39%
MittelfeldDeutschlandNicolai Rapp2
33%
MittelfeldDeutschlandKevin Möhwald5
25%
StürmerDeutschlandMaximilian Philipp1
13%

Verteilung der Resultate

Perzentil nach korrekt beantworteten Fragen

Anzahl Personen mit jedem Resultat

Ihre Resultats-Entwicklung

Sie haben dieses Quiz noch nicht gespielt